| 000 | 00425 a2200181 4500 | ||
|---|---|---|---|
| 001 | 124289 | ||
| 020 | _a9788541810166 | ||
| 040 | _cEscola Canadense de Niteroi | ||
| 100 | _aCélia Cristina de Figueiredo Cassiano | ||
| 245 | 1 | 0 | _aMundo Amigo Português 3 |
| 250 | _a4 ed | ||
| 260 | _aSão Paulo | ||
| 300 |
_a255 p. _bil. |
||
| 362 | 0 | _a2015 | |
| 490 | 0 | _aMundo Amigo | |
| 650 | 4 | _aLíngua Portuguesa | |
| 942 | _cBK | ||
| 999 |
_c124289 _d124289 |
||